000 00612nam a2200193Ia 4500
003 IN-BaIIA
008 211028s9999 xx 000 0 eng d
020 _a0-08-025128-5
040 _cIIA Library
080 _a063:523.34
_b10LC-2
110 _aLunar and Planetary Institute
_910749
245 0 _aEarly Solar System and Lunar Regolith
_bvol. 2
_cLunar and Planetary Institute
260 _aNew York
_bPergamon Press
_c1979
300 _axi, 1141-2130p.
650 _aAstronomy and Astrophysics Thesaurus
650 _aLunar Probes
_96780
650 _aSolar System
942 _cBK
999 _c6508
_d6508